Statistics for Flags by population rank 1 - 10

Click here to take the quiz!

General Stats

  • This quiz has been taken 18 times
  • The average score is 10 of 10

Answer Stats

Answer% Correct
Brazil
100%
China
100%
India
100%
Indonesia
100%
Mexico
100%
United States
100%
Bangladesh
94%
Pakistan
94%
Russia
94%
Nigeria
88%

Score Distribution

Percentile by Number Answered

Percent of People with Each Score

Your Score History

You have not taken this quiz